| 000 | 00772nam a2200181Ia 4500 | ||
|---|---|---|---|
| 008 | 100921s9999 xx 000 0 und d | ||
| 082 |
_b26415 _a808.068 थ 94 |
||
| 100 | _aभागवत भा.रा. | ||
| 245 | _aभटांच्या वाड्यातील भुतावळ. | ||
| 260 |
_bपुरंदरे प्रकाशन,पुणे. _c1994 |
||
| 300 |
_a86 _bरसिक साहित्य,पुणे |
||
| 365 | _b30 | ||
| 520 | _aललित-बालवाङ्रमय. | ||
| 630 | _aभटांच्या वाड्यातील भुतावळ. | ||
| 650 | _aललित-बालवाङ्रमय. | ||
| 730 | _aभटांच्या वाड्यातील भुतावळ. | ||
| 942 | _cBOOK | ||
| 999 |
_c775528 _d775525 |
||